| 000 | 00395nam a22001697a 4500 | ||
|---|---|---|---|
| 005 | 20160530095209.0 | ||
| 008 | 160530b xxu||||| |||| 00| 0 eng d | ||
| 020 | _a81-203-2167-2 | ||
| 041 | _aeng | ||
| 082 | _b5901 | ||
| 100 |
_aKumar V. _9413 |
||
| 245 | _aInternational Marketing Research | ||
| 260 |
_aNew Delhi _bPHI, _c2003 |
||
| 300 | _a419 | ||
| 650 |
_aManagement _9241 |
||
| 942 | _cBK | ||
| 999 |
_c2091 _d2090 |
||